Statistics for All Genshin Impact 5 Star Weapons

Click here to take the quiz!

General Stats

  • This quiz has been taken 61 times
    (7 since last reset)
  • The average score is 34 of 45

Answer Stats

Answer% Correct
Calamity Queller
100%
Skyward Harp
100%
Skyward Spine
100%
Staff of Homa
100%
The First Great Magic
100%
Wolf's Gravestone
100%
Amos' Bow
83%
Aqua Simulacra
83%
Aquila Favonia
83%
Cashflow Supervision
83%
Crimson Moon's Semblance
83%
Freedom-Sworn
83%
Polar Star
83%
Primordial Jade Winged-Spear
83%
Skyward Atlas
83%
Skyward Blade
83%
Song of Broken Pines
83%
Summit Shaper
83%
The Unforged
83%
Verdict
83%
A Thousand Floating Dreams
67%
Beacon of the Reed Sea
67%
Elegy for the End
67%
Engulfing Lightning
67%
Everlasting Moonglow
67%
Hunter's Path
67%
Jadefall's Splendor
67%
Kagura's Verity
67%
Key of Khaj-Nisut
67%
Light of Foliar Incision
67%
Lost Prayer to the Sacred Winds
67%
Mistsplitter Reforged
67%
Primordial Jade Cutter
67%
Redhorn Stonethresher
67%
Skyward Pride
67%
Splendor of Tranquil Waters
67%
Thundering Pulse
67%
Tome of the Eternal Flow
67%
Tulaytullah's Remembrance
67%
Vortex Vanquisher
67%
Crane's Echoing Call
50%
Haran Geppaku Futsu
50%
Memory of Dust
50%
Staff of the Scarlet Sands
50%
Uraku Misugiri
50%

Score Distribution

Percentile by Number Answered

Percent of People with Each Score

Your Score History

You have not taken this quiz since the last reset